000 01371nam a2200361Ia 4500
001 ebr10533981
003 CaPaEBR
006 m u
007 cr cn|||||||||
008 111116s2012 cau sb 001 0 eng d
010 _z 2011047499
020 _z9780470393369
020 _z9781118206744
040 _aCaPaEBR
_cCaPaEBR
035 _a(OCoLC)785782686
050 1 4 _aLC1100
_b.T46 2012eb
082 0 4 _a370.11/5
_223
100 1 _aTennant, Mark.
245 1 4 _aThe learning self
_h[electronic resource] :
_bunderstanding the potential for transformation /
_cMark Tennant.
250 _a1st ed.
260 _aSan Francisco :
_bJossey-Bass,
_c2012.
300 _axiii, 208 p.
490 1 _aThe Jossey-Bass Higher and adult education series
504 _aIncludes bibliographical references and index.
533 _aElectronic reproduction.
_bPalo Alto, Calif. :
_cebrary,
_d2013.
_nAvailable via World Wide Web.
_nAccess may be limited to ebrary affiliated libraries.
650 0 _aTransformative learning.
650 0 _aLearning, Psychology of.
650 0 _aAdult learning.
655 7 _aElectronic books.
_2local
710 2 _aebrary, Inc.
830 0 _aJossey-Bass higher and adult education series.
856 4 0 _uhttp://site.ebrary.com/lib/rucke/Doc?id=10533981
_zAn electronic book accessible through the World Wide Web; click to view
999 _c235383
_d235383